Libya-visa - Statistics

Yleistilastot
  • Tätä visaa on pelattu 296 kertaa
  • Keskiarvotulos 12 / 22
Vastaustilastot
Vihje Vastaus % Oikein
Naapurimaa Algeria
96%
Naapurimaa Egypti
95%
Naapurimaa Tunisia
94%
Naapurimaa Sudan
92%
Naapurimaa Tšad
92%
Euroopan valtio, jonka siirtomaa Libya oli Italia
91%
Pääkaupunki Tripoli
91%
Virallinen kieli Arabia
89%
Naapurimaa Niger
79%
Mielenosoitusten sarja, joka aiheutti yllä olevan kukistumisen Arabikevät
72%
Ainoa asia, joka oli lipussa 1977–2011 Vihreä
64%
Valuutta Dinaari
60%
Libyan diktaattori vuosina 1969–2011 Muammar Gaddafi
59%
Pääkaupungin nimen merkitys suomeksi Kolme kaupunkia
48%
Mikä on sirocco? (Tunnetaan Libyassa nimellä ghibli) Tuuli
37%
Toiseksi suurin kaupunki Bengasi
27%
Libyan ainoa kuningas, hallitsi vuosina 1951–1969 Idris I
13%
Suuri merenlahti Libyan keskisessä pohjoisosassa Iso-{Syrtti}
13%
Libyan kolme suurta historiallista aluetta Tripolitania
11%
Libyan kolme suurta historiallista aluetta Fezzan
9%
Libyan kolme suurta historiallista aluetta Kyrenaika
9%
Berbereistä ja paimentolaisista polveutunut heimokansa, jotka asuttivat yllä olevista ensimmäistä aluetta Garamantit
6%
Ehtoja vastaavia visoja ei löytynyt
Tulosjakauma
Jokaisen tuloksen saaneiden osuus
Persentiili vastausten määrän mukaan
Tuloshistoriasi
Et ole pelannut tätä visaa